Winners and losers among a refugee-hosting population (Record no. 105025)

000 -LEADER
fixed length control field 00442pab a2200169 454500
008 - FIXED-LENGTH DATA ELEMENTS--GENERAL INFORMATION
fixed length control field 180718b2014 xxu||||| |||| 00| 0 eng d
100 ## - MAIN ENTRY--PERSONAL NAME
Personal name Maystadt, Jean-Francois
245 ## - TITLE STATEMENT
Title Winners and losers among a refugee-hosting population
260 ## - PUBLICATION, DISTRIBUTION, ETC.
Date of publication, distribution, etc. 2014
300 ## - PHYSICAL DESCRIPTION
Extent p.769-809.
362 ## - DATES OF PUBLICATION AND/OR SEQUENTIAL DESIGNATION
Dates of publication and/or sequential designation Jul
650 ## - SUBJECT ADDED ENTRY--TOPICAL TERM
Topical term or geographic name entry element Refugees
700 ## - ADDED ENTRY--PERSONAL NAME
Personal name Verwimp, Philip
773 ## - HOST ITEM ENTRY
Main entry heading Economic Development and Cultural Change
908 ## - PUT COMMAND PARAMETER (RLIN)
Put command parameter N
909 ## -
-- 105030
Holdings
Withdrawn status Lost status Damaged status Not for loan Permanent Location Current Location Date acquired Serial Enumeration / chronology Barcode Date last seen Price effective from Koha item type
        Indian Institute of Public Administration Indian Institute of Public Administration 2018-07-19 Volume no: 62, Issue no: 4 AR105490 2018-07-19 2018-07-19 Articles

Powered by Koha